Brandon Lake Songs - Sudden Death - Statistics

General Stats
  • This quiz has been taken 82 times
  • The average score is 8 of 15
Answers on the Grid
Answers color-coded by a green-red scale on the quiz's grid according to % correct below.
What a Beautiful Name
God is Not Against Me
Hard Fought Hallelujah
Christ Be Magnified
10,000 Reasons
I Need A Ghost
This is Amazing Grace
Closer
House of the Lord
Death Was Arrested
Can't Steal My Joy
Praise
All My Hope
Nobody
House of Miracles
So Will I
Gratitude
Coat of Many Colors
I Speak Jesus
When Wind Meets Fire
The Father's House
Reckless Love
Holy Are You Lord
Country Psalm
Palm of Your Hand
Son of Heaven
That's Who I Praise
Way Maker
Goodness of God
HELP!
 
Answer Stats
Answer % Correct
Hard Fought Hallelujah
88%
Praise
70%
God is Not Against Me
61%
That's Who I Praise
61%
Gratitude
58%
Can't Steal My Joy
55%
Coat of Many Colors
55%
House of Miracles
55%
I Need A Ghost
52%
Closer
42%
HELP!
39%
Son of Heaven
36%
Palm of Your Hand
33%
Country Psalm
27%
Holy Are You Lord
24%
No matching quizzes found
Score Distribution
Percent of People with Each Score
Percentile by Number Answered
Your Score History
You have not taken this quiz